Loading...
| Literature - European | 0 | 7 | 1 | 4 | 65 | 117 | 135.14 | 0 | 4 | 2.06 | 30.00 |
| Mythology | 0 | 6 | 0 | 1 | 60 | 36 | 97.00 | 0 | 4 | 15.24 | 30.00 |
| Fine Arts - Classical Music | 0 | 6 | 2 | 0 | 50 | 22 | 70.00 | 4 | 6 | 26.61 | 55.00 |
| Philosophy | 0 | 5 | 0 | 1 | 50 | 78 | 101.20 | 2 | 4 | 7.52 | 37.50 |
| Literature - British | 0 | 5 | 1 | 2 | 45 | 72 | 122.20 | 0 | 4 | 8.41 | 25.00 |
| History - American | 0 | 4 | 0 | 1 | 40 | 13 | 91.00 | 0 | 4 | 11.30 | 17.50 |
| Fine Arts - Painting and Sculpture | 0 | 3 | 0 | 0 | 30 | 78 | 86.33 | 0 | 3 | 9.66 | 20.00 |
| Fine Arts - Other | 0 | 3 | 0 | 0 | 30 | 66 | 81.33 | 1 | 3 | 10.30 | 22.50 |
| Social Science | 0 | 3 | 1 | 1 | 25 | 65 | 85.00 | 0 | 3 | 6.87 | 17.50 |
| Literature - American | 0 | 2 | 0 | 0 | 20 | 35 | 83.00 | 0 | 2 | 8.29 | 15.00 |
| Science - Chemistry | 0 | 2 | 0 | 2 | 20 | 122 | 124.50 | 0 | 2 | 0.08 | 7.50 |
| Literature - World | 0 | 2 | 1 | 1 | 15 | 128 | 135.00 | 0 | 1 | 0.00 | 7.50 |
| History - European | 0 | 2 | 1 | 0 | 15 | 62 | 83.50 | 1 | 2 | 6.84 | 12.50 |
| History - Other | 0 | 2 | 1 | 1 | 15 | 81 | 95.50 | 1 | 2 | 5.47 | 20.00 |
| Science - Biology | 0 | 2 | 1 | 1 | 15 | 94 | 104.50 | 1 | 2 | 2.54 | 10.00 |
| Current Events | 0 | 1 | 0 | 0 | 10 | 79 | 79.00 | 1 | 1 | 17.08 | 50.00 |
| Religion | 0 | 1 | 0 | 1 | 10 | 115 | 115.00 | 0 | 0 | 0.00 | 2.50 |
| History - World | 0 | 1 | 0 | 0 | 10 | 104 | 104.00 | 0 | 0 | 1.68 | 2.50 |
| Popular Culture | 0 | 1 | 0 | 0 | 10 | 66 | 66.00 | 0 | 1 | 12.50 | 25.00 |
| Science - Other | 0 | 0 | 0 | 0 | 0 | 0.00 | 0 | 0 | 0.00 | 0.00 | |
| Other Academic | 0 | 0 | 0 | 0 | 0 | 0.00 | 0 | 0 | 0.00 | 0.00 | |
| Science - Physics | 0 | 0 | 1 | 0 | -5 | 0.00 | 0 | 0 | 0.00 | 0.00 |